| 000 | 00833nam a2200289 a 4500 | ||
|---|---|---|---|
| 001 | 000113383 | ||
| 003 | CHAP | ||
| 005 | 20220329144351.0 | ||
| 008 | 170614s2016 mx a |r| ||1|||spa d | ||
| 010 | _a109844 | ||
| 011 | _a110816 | ||
| 020 | _a9786071513687 | ||
| 040 | _cCHAP | ||
| 082 | 0 | 4 |
_a612.015 _bH29 2016 |
| 245 | 0 | 0 |
_aHarper : _bbioquímica ilustrada / _cpor Victor W. Rodwell ...[et al.]. |
| 250 | _a30 ed. | ||
| 260 |
_aMéxico, D.F. : _bMcGraw-Hill Interamericana, _c2016. |
||
| 300 |
_axii, 804 p. : _bil. |
||
| 534 |
_pTít. original : _tHarper´s Illustrated Biochemistry |
||
| 590 |
_aE11695DGD _b10 _c20170616 _lUCH01 _h0843 |
||
| 590 |
_aE5765TAJ _b05 _c20170614 _lUCH01 _h1145 |
||
| 650 | 1 | 4 |
_aBioquímica. _912849 |
| 700 | 1 |
_aRodwell, Victor W. _9132601 |
|
| 901 | _aBK | ||
| 942 | _cLIBRO | ||
| 942 | _n0 | ||
| 999 |
_c109844 _d109844 |
||